000 00705nam a2200289Ia 4500
005 20260324132505.0
008 008 260324s9999 xx 000 0 eng d
020 _a9781315234410
037 _aEBOOK
040 _aCRL
040 _beng
040 _cCRL
041 _2eng
041 _aeng
084 _qCRL
100 _aLarry Dewey
_91189487
245 0 _aWar and Redemption
245 0 _bTreatment and Recovery in Combat-related Posttraumatic Stress Disorder
260 _bTaylor and Francis
260 _c2004
365 _a
365 _b230
856 _uhttp://www.taylorfrancis.com/books/9781315234410
942 _cEBOOK
999 _c1787640
_d1787640